Globalización [documento web] /

Guardado en:
Autor Principal: Antropólogos Iberoamericanos En Red
Formato: Libro
Publicado: España : Nassa / Siglo Xxi, 2001
Etiquetas: Agregar Etiqueta
Sin Etiquetas, Sea el primero en etiquetar este registro!
LEADER 00421nam a22001455a 4500
001 CEM.cems010944
005 20060214000000.0
008 130507s2001##################000#0#####d
003 CEMS
082 0 4 |a F382 
100 1 |a Antropólogos Iberoamericanos En Red 
245 1 0 |a Globalización [documento web] / 
260 |a España :  |b Nassa / Siglo Xxi,  |c 2001 
300 |a 8 p.1 
859 |a CEMS  |b BIB. CEMS - 11 de abril  |h F382  |i 1-4  |p 1849.44  |t Ej.1